Statistics for Movies that Start with D

Click here to take the quiz!

General Stats

  • This quiz has been taken 24,903 times
  • The average score is 9 of 19

Answer Stats

Description Movie % Correct
Two mentally-challenged men travel to Aspen to return a briefcaseDumb and Dumber
82%
Elephant can fly thanks to his gigantic earsDumbo
74%
Girl has the time of her life learning sexy dance moves at a Catskills resortDirty Dancing
69%
Recent college graduate must work for a cruel fashion editor
to pursue her dream of becoming a writer
Devil Wears Prada, the
62%
It's Christmas, and an off-duty cop must kill Euro-terrorists who have seized
control of a Los Angeles skyscraper
Die Hard
58%
Harvard professor must battle Catholic thugs to discover the truth about the Holy GrailDa Vinci Code, the
57%
Repressed prep schoolers are inspired by a poetry teacherDead Poets Society
54%
1970s teenagers drink, smoke pot, and haze incoming freshmenDazed and Confused
51%
Lovable super-villain tries to steal the moon with the help of minionsDespicable Me
51%
German bounty hunter helps a former slave to rescue his wifeDjango Unchained
49%
Crazy American general plans to nuke the Soviets - who will retaliate
with a doomsday device
Dr. Strangelove
47%
The Caped Crusader battles his greatest nemesisDark Knight, the
46%
Hardboiled San Francisco cop thwarts punks and serial killers with the
help of his trusty gun
Dirty Harry
45%
Cross-country auto racers compete for speed and to kill innocent pedestriansDeath Race 2000
37%
Scary rabbit man tells a disturbed teen that the world will end in 28 daysDonnie Darko
32%
Cocky marching band percussionist must help his fellow
snare drummers to defeat their arrogant rivals
Drumline
31%
A rafting trip goes bad when the rafters are set upon by banjo-playing inbreedsDeliverance
28%
Debonair super spy uncovers a plot to build a giant laser using diamondsDiamonds are Forever
28%
Adolf Hitler is in his bunker, and he is NOT happy with the way the war is goingDownfall
24%

Score Distribution

Percentile by Number Answered

Percent of People with Each Score

Your Score History

You have not taken this quiz